00350nam a2200133Ia 4500008004100000020001500041041001200056082001600068100001400084245006900098260002500167300000800192650001600200221030s9999 xx 000 0 und d a0070421404 aEnglish a105.23bPre aM. Predko 0aProgramming & Customizing The 8051 Microcontrollercby M. Predko bTMHaNew Delhic2005 a541 aBE Computer